Zákon o službách zamestnanosti

Služby zamestnanosti na území SR poskytujú Ústredie a úrad práce, sociálnych vecí a rodiny, P.O. a F.O., ktoré vykonávajú sprostredkovanie zamestnania, poskytujú odborné poradenské služby a uplatňujú aktívne opatrenia na trhu práce na základe uzatvorenej písomnej dohody s príslušným úradom, alebo na...

Descripción completa

Guardado en:
Detalles Bibliográficos
Autor principal: Bonek, Martin
Formato: Capítulo de libro
Lenguaje:eslovaco
Materias:
Etiquetas: Agregar Etiqueta
Sin Etiquetas, Sea el primero en etiquetar este registro!

MARC

LEADER 00000naa a2200000 4500
001 0292347
005 20240417075235.6
041 0 |a slo 
044 |a SK 
245 1 0 |a Zákon o službách zamestnanosti  |c Martin Bonek 
520 |a Služby zamestnanosti na území SR poskytujú Ústredie a úrad práce, sociálnych vecí a rodiny, P.O. a F.O., ktoré vykonávajú sprostredkovanie zamestnania, poskytujú odborné poradenské služby a uplatňujú aktívne opatrenia na trhu práce na základe uzatvorenej písomnej dohody s príslušným úradom, alebo na základe uzatvorenej písomnej dohody v rámci partnerstva, P.O. a F.O., ktoré vykonávajú sprostredkovanie zamestnania za úhradu, agentúra dočasného zamestnávania a agentúra podporovaného zamesntávania. 
610 2 0 |a právo 
610 2 0 |a legislatíva 
610 2 0 |a zákony 
610 2 0 |a zamestnanosť 
610 2 0 |a zamestnanie 
610 2 0 |a zamestnanci 
610 2 0 |a zamestnávatelia 
610 2 0 |a služby zamestnanosti 
610 2 0 |a opatrenia 
610 2 0 |a trh práce 
610 2 0 |a povinnosti zamestnávateľov 
100 1 |a Bonek, Martin